Normal view
MARC view
- تاليف سارتون، جورج ؛ ترجمة لفيف من العلماء؛ اشراف مدكور، ابراهيم بيومي... واخرون
Entry Personal Name
001 - CONTROL NUMBER
- control field: 22974
003 - CONTROL NUMBER IDENTIFIER
- control field: JO-AjAnu
005 - DATE AND TIME OF LATEST TRANSACTION
- control field: 20230606073945.0
008 - FIXED-LENGTH DATA ELEMENTS
- fixed length control field: 230606|| aca||aabn | a|a d
040 ## - CATALOGING SOURCE
- Original cataloging agency: JO-AjAnu
- Transcribing agency: JO-AjAnu
100 ## - HEADING--PERSONAL NAME
- Personal name: تاليف سارتون، جورج ؛ ترجمة لفيف من العلماء؛ اشراف مدكور، ابراهيم بيومي... واخرون
670 ## - SOURCE DATA FOUND
- Source citation: Work cat.: (JO-AjAnu)11807: تاليف سارتون، جورج ؛ ترجمة لفيف من العلماء؛ اشراف مدكور، ابراهيم بيومي... واخرون, author, تاريخ العلم: العلم القديم في العصر الذهبي لليونان، الكتاب الأول